[Event "HUN-chT 1819"]
[Site "Hungary"]
[Date "2018.11.17"]
[Round "1.1"]
[White "Almasi, Zoltan"]
[Black "Rodshtein, Maxim"]
[Result "1-0"]
[WhiteElo "2682"]
[BlackElo "2682"]
[PlyCount "45"]
[EventDate "2018.11.17"]
[EventType "team-tourn"]
[EventRounds "9"]
[EventCountry "HUN"]
[SourceTitle "CBM 187 Extra"]
[Source "ChessBase"]
[SourceDate "2018.11.04"]
[SourceVersion "1"]
[SourceVersionDate "2018.11.04"]
[SourceQuality "1"]
[WhiteTeam "DVTK"]
[BlackTeam "Aquaprofit"]
[WhiteTeamCountry "HUN"]
[BlackTeamCountry "HUN"]

1. Nf3 d5 2. g3 g6 3. c4 dxc4 4. Na3 Bg7 5. Nxc4 Nc6 6. d3 e5 7. Bd2 Nge7 8. Bg2 a5 9. h4 h6 10. Qc1 Be6 11. 0-0 Qd7 12. Re1 f6 13. Be3 Nd5 14. Nfd2 Nce7 15. Bc5 b6 16. Bxe7 Kxe7 17. d4 exd4 18. Nb3 Nb4 19. Rd1 Qb5 20. Na3 Qe5 21. Nxd4 Rad8 22. Nab5 Bd7 23. f4 1-0

[Event "Bundesliga 1819"]
[Site "Germany"]
[Date "2018.11.11"]
[Round "2.8"]
[White "Perske, Thore"]
[Black "Almasi, Zoltan"]
[Result "0-1"]
[WhiteElo "2448"]
[BlackElo "2682"]
[PlyCount "82"]
[EventDate "2018.11.10"]
[EventType "team-tourn"]
[EventRounds "15"]
[EventCountry "GER"]
[SourceTitle "CBM 187 Extra"]
[Source "ChessBase"]
[SourceDate "2018.11.04"]
[SourceVersion "1"]
[SourceVersionDate "2018.11.04"]
[SourceQuality "1"]
[WhiteTeam "Hofheim"]
[BlackTeam "Dresden TU"]
[WhiteTeamCountry "GER"]
[BlackTeamCountry "GER"]

1. e4 c5 2. Nf3 e6 3. d4 cxd4 4. Nxd4 a6 5. c4 Nf6 6. Nc3 Qc7 7. Be2 b6 8. 0-0 Bb7 9. Qd3 d6 10. f4 Nbd7 11. b4 Be7 12. Bb2 0-0 13. Rac1 Rfe8 14. g4 Nf8 15. g5 N6d7 16. a3 Qd8 17. h4 e5 18. Nf5 Ng6 19. fxe5 Ngxe5 20. Qd2 Rc8 21. Nd5 Bf8 22. Bd4 g6 23. Nfe3 Bg7 24. Rf2 h6 25. Rg2 hxg5 26. hxg5 Bxd5 27. Nxd5 Rc6 28. Rf1 Re6 29. Nf4 Re8 30. Nd5 Nxc4 31. Bxc4 Rxc4 32. Nf6+ Nxf6 33. gxf6 Rxe4 34. Bb2 Bf8 35. Qd5 Rg4 36. Rff2 Qe8 37. Kf1 Qe3 38. Re2 Qh3 39. Ke1 Qh1+ 40. Kd2 Bh6+ 41. Kd3 Qh3+ 0-1

[Event "Douglas IoM op"]
[Site "Douglas"]
[Date "2018.10.24"]
[Round "5"]
[White "Almasi, Zoltan"]
[Black "Vishnu, Prasanna V"]
[Result "1-0"]
[WhiteElo "2702"]
[BlackElo "2504"]
[PlyCount "95"]
[EventDate "2018.10.20"]
[EventType "swiss"]
[EventRounds "9"]
[EventCountry "ENG"]
[SourceTitle "CBM 187"]
[Source "ChessBase"]
[SourceDate "2018.12.11"]
[SourceVersion "1"]
[SourceVersionDate "2018.12.11"]
[SourceQuality "1"]

1. Nf3 d5 2. g3 g6 3. c4 dxc4 4. Na3 Bg7 5. Nxc4 Nf6 6. Bg2 0-0 7. 0-0 Be6 8. b3 c5 9. Ba3 Nbd7 10. Rc1 Rc8 11. d4 Bd5 12. Qd2 Ne4 13. Qd3 cxd4 14. Nxd4 Ndc5 15. Qe3 Nxf2 16. Rxf2 Bxg2 17. Nc2 Ne6 18. Kxg2 b5 19. Ne5 Qd5+ 20. Nf3 a5 21. Bxe7 Rfe8 22. Ba3 b4 23. Nxb4 axb4 24. Rxc8 Rxc8 25. Bxb4 Qb7 26. Qd2 Nd4 27. Bd6 Rc2 28. Qb4 Qxb4 29. Bxb4 Rxa2 30. Nxd4 Bxd4 31. e3 Rxf2+ 32. Kxf2 Bb6 33. Kf3 f5 34. e4 Kf7 35. exf5 gxf5 36. Bd2 Ke6 37. b4 Kd5 38. Kf4 Bg1 39. h3 Bf2 40. Be3 Be1 41. b5 Kd6 42. Kxf5 Bxg3 43. Bf4+ Bxf4 44. Kxf4 Kc5 45. Kg5 Kxb5 46. Kh6 Kc6 47. Kxh7 Kd7 48. h4 1-0

[Event "Douglas IoM op"]
[Site "Douglas"]
[Date "2018.10.22"]
[Round "3"]
[White "Almasi, Zoltan"]
[Black "Kobo, Ori"]
[Result "1-0"]
[WhiteElo "2702"]
[BlackElo "2505"]
[PlyCount "53"]
[EventDate "2018.10.20"]
[EventType "swiss"]
[EventRounds "9"]
[EventCountry "ENG"]
[SourceTitle "CBM 187"]
[Source "ChessBase"]
[SourceDate "2018.12.11"]
[SourceVersion "1"]
[SourceVersionDate "2018.12.11"]
[SourceQuality "1"]

1. e4 g6 2. d4 Bg7 3. Nc3 d6 4. Be3 Nf6 5. f3 c6 6. Qd2 b5 7. 0-0-0 Qa5 8. Kb1 Nbd7 9. Bh6 Bxh6 10. Qxh6 b4 11. Nce2 c5 12. Nh3 c4 13. Nc1 Ba6 14. Ng5 Nb6 15. Qg7 Rf8 16. e5 dxe5 17. dxe5 Nfd5 18. e6 0-0-0 19. exf7 Na4 20. Ne4 Nac3+ 21. bxc3 Nxc3+ 22. Nxc3 bxc3 23. Rxd8+ Rxd8 24. Bxc4 Qa3 25. Bxa6+ Kc7 26. Qe5+ Rd6 27. Nd3 1-0

[Event "Olympiad-43"]
[Site "Batumi"]
[Date "2018.10.02"]
[Round "8.3"]
[White "Almasi, Zoltan"]
[Black "Keinanen, Toivo"]
[Result "1/2-1/2"]
[WhiteElo "2702"]
[BlackElo "2402"]
[PlyCount "83"]
[EventDate "2018.09.24"]
[EventType "team-swiss"]
[EventRounds "11"]
[EventCountry "GEO"]
[SourceTitle "CBM 187"]
[Source "ChessBase"]
[SourceDate "2018.12.11"]
[SourceVersion "1"]
[SourceVersionDate "2018.12.11"]
[SourceQuality "1"]
[WhiteTeam "Hungary"]
[BlackTeam "Finland"]
[WhiteTeamCountry "HUN"]
[BlackTeamCountry "FIN"]

1. Nf3 d5 2. g3 Nf6 3. Bg2 e6 4. c4 dxc4 5. Qa4+ Bd7 6. Qxc4 c5 7. Ne5 Qc8 8. Qd3 Nc6 9. Nxd7 Nxd7 10. Nc3 Be7 11. 0-0 0-0 12. b3 Rd8 13. Rd1 Nf6 14. Qb1 Qd7 15. Bb2 Rac8 16. e3 b6 17. h3 Nd5 18. Ne2 Qc7 19. a3 Bf6 20. Bxf6 Nxf6 21. b4 c4 22. d3 cxd3 23. Rxd3 a5 24. Rc3 Qd6 25. Qc2 Ne7 26. bxa5 bxa5 27. Rc1 h6 28. Qb3 Qd2 29. Bf3 a4 30. Qc2 Qxc2 31. R1xc2 Rd1+ 32. Kg2 Rxc3 33. Nxc3 Ra1 34. Nb5 Nfd5 35. e4 Nb6 36. Rc7 Ng6 37. Rc6 Nd7 38. Rc4 Nb6 39. Rd4 Ne5 40. Be2 g5 41. Rd6 Nbc4 42. Bxc4 1/2-1/2

[Event "Olympiad-43"]
[Site "Batumi"]
[Date "2018.09.26"]
[Round "3.24"]
[White "Almasi, Zoltan"]
[Black "Yakubboev, Nodirbek"]
[Result "1/2-1/2"]
[WhiteElo "2702"]
[BlackElo "2521"]
[PlyCount "60"]
[EventDate "2018.09.24"]
[EventType "team-swiss"]
[EventRounds "11"]
[EventCountry "GEO"]
[SourceTitle "CBM 187"]
[Source "ChessBase"]
[SourceDate "2018.12.11"]
[SourceVersion "1"]
[SourceVersionDate "2018.12.11"]
[SourceQuality "1"]
[WhiteTeam "Hungary"]
[BlackTeam "Uzbekistan"]
[WhiteTeamCountry "HUN"]
[BlackTeamCountry "UZB"]

1. e4 c5 2. Nf3 d6 3. d4 cxd4 4. Nxd4 Nf6 5. Nc3 a6 6. Be2 e5 7. Nb3 Be7 8. Bg5 Be6 9. Bxf6 Bxf6 10. Nd5 Nd7 11. Qd3 Be7 12. Rd1 Bxd5 13. Qxd5 Qc7 14. c3 0-0 15. 0-0 b5 16. Na1 Rad8 17. Bf3 Nb6 18. Qb3 Kh8 19. Nc2 d5 20. Ne3 dxe4 21. Bxe4 Bc5 22. Nd5 Nxd5 23. Bxd5 f5 24. a4 Qb6 25. axb5 axb5 26. Qc2 b4 27. g3 e4 28. Kg2 Rd6 29. Qb3 Rfd8 30. c4 Rf6 1/2-1/2

[Event "HUN-ch rapid playoff"]
[Site "Ajka"]
[Date "2018.07.22"]
[Round "6"]
[White "Almasi, Zoltan"]
[Black "Erdos, Viktor"]
[Result "0-1"]
[WhiteElo "2650"]
[BlackElo "2617"]
[PlyCount "88"]
[EventDate "2018.07.22"]
[EventType "tourn (blitz)"]
[EventRounds "6"]
[EventCountry "HUN"]
[SourceTitle "CBM 186 Extra"]
[Source "ChessBase"]
[SourceDate "2018.08.24"]
[SourceVersion "1"]
[SourceVersionDate "2018.08.24"]
[SourceQuality "1"]

1. e4 e5 2. Nf3 Nc6 3. Bb5 a6 4. Ba4 Nf6 5. 0-0 b5 6. Bb3 Bb7 7. d3 Be7 8. a3 0-0 9. Nc3 d6 10. Ne2 d5 11. exd5 Nxd5 12. Ng3 Kh8 13. Re1 Nf4 14. Bxf4 exf4 15. Nh5 Qd6 16. Qd2 Bf6 17. Nxf6 Qxf6 18. d4 Rad8 19. Rad1 Nxd4 20. Nxd4 c5 21. c3 cxd4 22. cxd4 Bd5 23. Bc2 Qg5 24. g3 Bf3 25. Rc1 Qf6 26. Qxf4 Qxf4 27. gxf4 Rxd4 28. Bd1 Rxf4 29. Bxf3 Rxf3 30. Rc6 Rb3 31. Re2 a5 32. Rc7 Kg8 33. Kf1 g6 34. Ke1 b4 35. axb4 Rxb4 36. Kd1 Rh4 37. f3 Rb8 38. Ra7 a4 39. Kc2 Rbb4 40. Kb1 Rbf4 41. Rf2 Kg7 42. Ka2 Rh3 43. Ka3 Rhh4 44. Rb7 Rd4 0-1